=LDR 00000nam 2200000 4500 =001 INLIS000000000052854 =005 20200810072023 =035 ##$$a 0010-0318000081 =007 ta =008 200810################g##########0#ind## =082 ##$$a 2x7.3 =084 ##$$a 2x7.3 SYA p =100 #$$a Syamsuri =245 1#$$a Pendidikan agama islam 3 untuk sma kelas xii /$c Syamsuri =260 ##$$a Jakarta :$b Erlangga,$c 2007 =300 ##$$a 181 hlm : $b ilus ; $c 25 cm. =650 #4$$a Pendidikan islam =990 ##$$a 50710143